000 00625nam a2200241Ia 4500
003 OSt
005 20221007063507.0
006 a|||||r|||| 00| 0
007 ta
008 221006b |||||||| |||| 00| 0 eng d
024 _a25,579
037 _cTextual
040 _aFLL
_cFLL
_beng
041 _2eng
_aeng
082 _aZb4, K4
100 _aAshman Jean
_9684375
245 0 _aFundamentals of legal research
250 _a2nd
260 _aBrooklyn
_bThe Foundation Press, Inc. London
_c1964
300 _aviii,1-143p
_ccm.
942 _hZb4, K4
_cTEXL
_2CC
999 _c1131388
_d1131388